[Event "Madrid-chT 2223"]
[Site "Madrid"]
[Date "2023.02.19"]
[Round "10.6"]
[White "Candela Martin, Alvaro"]
[Black "Rey Martinez, Jaime"]
[Result "1-0"]
[WhiteElo "1848"]
[BlackElo "2251"]
[PlyCount "107"]
[EventDate "2022.11.20"]
[EventType "team-tourn"]
[EventRounds "14"]
[EventCountry "ESP"]
[SourceTitle "Ajedrez en Madrid"]
[Source "lmi"]
[SourceDate "2022.11.21"]
[SourceVersion "1"]
[SourceVersionDate "2023.03.23"]
[SourceQuality "1"]
[WhiteTeam "Alcala de Henares"]
[BlackTeam "Alcorcon Diagonal"]
[WhiteTeamCountry "ESP"]
[BlackTeamCountry "ESP"]

1. e4 c5 2. Nf3 d6 3. Bb5+ Nd7 4. O-O a6 5. Bd3 Ngf6 6. c3 b5 7. Bc2 c4 8. b4
Bb7 9. Qe2 e6 10. a4 Be7 11. Na3 bxa4 12. Nxc4 Rc8 13. Na5 Ba8 14. Rxa4 Qc7 15.
Re1 d5 16. e5 Ne4 17. Bd3 g5 18. Bxa6 Rb8 19. Nd4 g4 20. Qxg4 Nxe5 21. Qh5 Ng6
22. Qf3 Qd7 23. Ra3 Rg8 24. Bf1 e5 25. Nf5 Ng5 26. Qh5 Qxf5 27. d4 Nf4 28. Bxf4
Nh3+ 29. Qxh3 Qxh3 30. Bxe5 Qe6 31. Re3 Rc8 32. Nb3 Bb7 33. Ra7 Qb6 34. Ra5 f6
35. Rb5 Qxb5 36. Bxb5+ Bc6 37. Bxf6 Bxb5 38. Rxe7+ Kf8 39. Nc5 Rg6 40. Rxh7 Rc6
41. Be5 Bc4 42. h4 Kg8 43. Rh8+ Kf7 44. g3 Be2 45. Kg2 Bc4 46. f4 Be2 47. Rd8
Bg4 48. Rxd5 Ke7 49. Ne4 Be6 50. Rc5 Ra6 51. Bd6+ Kd7 52. f5 Ra2+ 53. Kf3 Rg8
54. Rc7+ 1-0

[Event "Madrid-chT 2223"]
[Site "Madrid"]
[Date "2023.02.19"]
[Round "10.1"]
[White "Almagro Llamas, Pablo"]
[Black "Reyes Larena, Juan"]
[Result "1/2-1/2"]
[WhiteElo "2410"]
[BlackElo "2434"]
[PlyCount "61"]
[EventDate "2022.11.20"]
[EventType "team-tourn"]
[EventRounds "14"]
[EventCountry "ESP"]
[SourceTitle "Ajedrez en Madrid"]
[Source "lmi"]
[SourceDate "2022.11.21"]
[SourceVersion "1"]
[SourceVersionDate "2023.03.23"]
[SourceQuality "1"]
[WhiteTeam "Virgen de Atocha"]
[BlackTeam "San Sebastian de los Reyes"]
[WhiteTeamCountry "ESP"]
[BlackTeamCountry "ESP"]

1. e4 e5 2. Nf3 Nc6 3. Bc4 Bc5 4. c3 Nf6 5. d3 d6 6. a4 a5 7. O-O O-O 8. Na3
Ba7 9. Nc2 Be6 10. b3 h6 11. Be3 Bxe3 12. Nxe3 d5 13. exd5 Nxd5 14. Qc2 Qd6 15.
Rfe1 Nxe3 16. Rxe3 Bxc4 17. bxc4 Rad8 18. Rb1 b6 19. Rb5 Rfe8 20. h3 e4 21.
dxe4 Qd1+ 22. Qxd1 Rxd1+ 23. Kh2 Ra1 24. c5 Na7 25. Rb2 Nc8 26. Rd3 Rxa4 27.
Rd7 Rc4 28. Rxc7 Rxc5 29. Rxc5 bxc5 30. Ra2 Nd6 31. e5 1/2-1/2

[Event "Madrid-chT 2223"]
[Site "Madrid"]
[Date "2023.02.19"]
[Round "10.3"]
[White "Vazquez Torres, Adrian"]
[Black "Alfaya Marcelo, Roberto"]
[Result "1/2-1/2"]
[WhiteElo "2190"]
[BlackElo "2230"]
[PlyCount "97"]
[EventDate "2022.11.20"]
[EventType "team-tourn"]
[EventRounds "14"]
[EventCountry "ESP"]
[SourceTitle "Ajedrez en Madrid"]
[Source "lmi"]
[SourceDate "2022.11.21"]
[SourceVersion "1"]
[SourceVersionDate "2023.03.23"]
[SourceQuality "1"]
[WhiteTeam "Virgen de Atocha"]
[BlackTeam "San Sebastian de los Reyes"]
[WhiteTeamCountry "ESP"]
[BlackTeamCountry "ESP"]

1. e4 e5 2. Nf3 Nc6 3. Bb5 a6 4. Ba4 Nf6 5. d3 d6 6. h3 g6 7. c3 Bg7 8. Bg5 O-O
9. Qc1 b5 10. Bb3 Na5 11. Bc2 c5 12. Bh6 Nc6 13. Qe3 Qe7 14. Bg5 Be6 15. Nbd2
Rac8 16. Nh2 d5 17. Qf3 h6 18. exd5 Bxd5 19. Bxf6 Qe6 20. Ne4 Bxe4 21. Qxe4
Qxf6 22. Bb3 Qd6 23. Nf3 Kh8 24. g4 Rcd8 25. O-O-O a5 26. h4 a4 27. Bc2 a3 28.
h5 axb2+ 29. Kb1 f5 30. gxf5 gxf5 31. Qe2 b4 32. cxb4 Nxb4 33. Rhg1 Nxa2 34.
Qd2 Nb4 35. Rxg7 Kxg7 36. Rg1+ Kf7 37. Bb3+ Ke8 38. Nxe5 Ra8 39. Qxb2 Qd4 40.
Re1 Qxb2+ 41. Kxb2 Kd8 42. Kc3 Rf6 43. Kc4 Nc6 44. Nxc6+ Rxc6 45. Re5 Rb8 46.
Rxf5 Ke7 47. Kc3 Rf6 48. Rxc5 Rxf2 49. Rc6 1/2-1/2

[Event "Madrid-chT 2223"]
[Site "Madrid"]
[Date "2023.02.19"]
[Round "10.4"]
[White "Martinez Fernandez, Raul"]
[Black "Fernandez de Bobadilla, Gabriel"]
[Result "1-0"]
[WhiteElo "2245"]
[BlackElo "2163"]
[PlyCount "83"]
[EventDate "2022.11.20"]
[EventType "team-tourn"]
[EventRounds "14"]
[EventCountry "ESP"]
[SourceTitle "Ajedrez en Madrid"]
[Source "lmi"]
[SourceDate "2022.11.21"]
[SourceVersion "1"]
[SourceVersionDate "2023.03.23"]
[SourceQuality "1"]
[WhiteTeam "San Sebastian de los Reyes"]
[BlackTeam "Virgen de Atocha"]
[WhiteTeamCountry "ESP"]
[BlackTeamCountry "ESP"]

1. e4 c5 2. Nf3 Nc6 3. Bb5 g6 4. Bxc6 bxc6 5. d4 cxd4 6. Qxd4 Nf6 7. e5 Nd5 8.
O-O Bg7 9. Qh4 h6 10. c4 Nc7 11. Rd1 Ne6 12. Bd2 Bb7 13. Nc3 d5 14. exd6 exd6
15. Ne4 d5 16. Bb4 g5 17. Qg3 dxe4 18. Rxd8+ Rxd8 19. Nd2 c5 20. Ba5 Nf4 21.
Re1 Rd3 22. Nxe4 O-O 23. f3 Bxe4 24. Rxe4 Rd4 25. Qe1 Nd3 26. Qe2 Rxe4 27. Qxe4
Bd4+ 28. Kf1 Nxb2 29. Qc2 Rb8 30. Bd2 Rd8 31. h4 gxh4 32. Bxh6 Bf6 33. Qf5 Rd6
34. Bf4 Re6 35. Qc2 Ra6 36. Qf5 Re6 37. Bc1 Na4 38. Bg5 Bd4 39. Bxh4 Nc3 40.
Be1 Nd1 41. Bd2 Be3 42. Qd5 1-0

[Event "Madrid-chT 2223"]
[Site "Madrid"]
[Date "2023.02.19"]
[Round "10.5"]
[White "Horcajada Reales, Guillermo"]
[Black "Hernandez Ramos, David"]
[Result "1/2-1/2"]
[WhiteElo "2081"]
[BlackElo "2104"]
[PlyCount "185"]
[EventDate "2022.11.20"]
[EventType "team-tourn"]
[EventRounds "14"]
[EventCountry "ESP"]
[SourceTitle "Ajedrez en Madrid"]
[Source "lmi"]
[SourceDate "2022.11.21"]
[SourceVersion "1"]
[SourceVersionDate "2023.03.23"]
[SourceQuality "1"]
[WhiteTeam "Virgen de Atocha"]
[BlackTeam "San Sebastian de los Reyes"]
[WhiteTeamCountry "ESP"]
[BlackTeamCountry "ESP"]

1. c4 e5 2. g3 Nc6 3. Bg2 g6 4. Nc3 Bg7 5. e3 d6 6. Nge2 Nf6 7. O-O O-O 8. d4
Rb8 9. b3 exd4 10. Nxd4 Nxd4 11. exd4 Bg4 12. Qd2 Qd7 13. Re1 h5 14. h4 Kh7 15.
Qf4 a6 16. a4 Bf5 17. Ra2 Rfe8 18. Rae2 b6 19. Ne4 Nxe4 20. Bxe4 Bxe4 21. Rxe4
Kg8 22. Qe3 Kf8 23. d5 Rxe4 24. Qxe4 Re8 25. Qxe8+ Qxe8 26. Rxe8+ Kxe8 27. Be3
Kd7 28. Kf1 Bc3 29. Ke2 Bb4 30. Kf3 Ke7 31. g4 hxg4+ 32. Kxg4 Bc3 33. Bg5+ Ke8
34. h5 gxh5+ 35. Kxh5 Bd4 36. f3 Bc3 37. f4 Bd2 38. Kg4 Bc3 39. Kf5 Bd2 40. Bf6
Be1 41. Kg4 Bd2 42. f5 Be1 43. Kh5 Bd2 44. Bg5 Bc3 45. Kh6 Bd4 46. Kh7 Bc3 47.
Bh6 Ke7 48. Bg7 Bd2 49. Bd4 Bf4 50. f6+ Ke8 51. Kg7 Bd2 52. Bf2 Bc3 53. Be3 a5
54. Bc1 Be1 55. Bb2 Bd2 56. Bd4 Be1 57. Kh6 Bd2+ 58. Kh7 Bf4 59. Kg7 Bd2 60.
Kg8 Bf4 61. Bf2 Bg5 62. Kg7 Bd2 63. Bd4 Bf4 64. Bc3 Be3 65. b4 axb4 66. Bxb4
Bd4 67. a5 bxa5 68. Bxa5 Bc5 69. Bxc7 Bb4 70. Bb6 Ba3 71. Bd4 Bb4 72. Bb2 Bc5
73. Bc3 Ba3 74. Kh6 Bc1+ 75. Kh5 Ba3 76. Kg5 Kd7 77. Kf5 Bc5 78. Ke4 Ba3 79.
Bd4 Bb4 80. Kd3 Ba3 81. Kc3 Bc1 82. Kb4 Bd2+ 83. Kb5 Bf4 84. c5 dxc5 85. Bxc5
Be5 86. Be7 Bb2 87. Kc4 Be5 88. Kd3 Bb2 89. Ke4 Bc3 90. Kf5 Bb2 91. Kg5 Bc3 92.
Kh6 Bxf6 93. Bxf6 1/2-1/2

[Event "Madrid-chT 2223"]
[Site "Madrid"]
[Date "2023.02.19"]
[Round "10.6"]
[White "Calvo Gutierrez, Hector"]
[Black "Yanes Crespo, Javier"]
[Result "0-1"]
[WhiteElo "1920"]
[BlackElo "1971"]
[PlyCount "42"]
[EventDate "2022.11.20"]
[EventType "team-tourn"]
[EventRounds "14"]
[EventCountry "ESP"]
[SourceTitle "Ajedrez en Madrid"]
[Source "lmi"]
[SourceDate "2022.11.21"]
[SourceVersion "1"]
[SourceVersionDate "2023.03.23"]
[SourceQuality "1"]
[WhiteTeam "San Sebastian de los Reyes"]
[BlackTeam "Virgen de Atocha"]
[WhiteTeamCountry "ESP"]
[BlackTeamCountry "ESP"]

1. d4 d5 2. c4 e6 3. Nc3 Nf6 4. cxd5 exd5 5. Bg5 Be7 6. e3 O-O 7. Bd3 c6 8. Qc2
Nbd7 9. Nge2 Re8 10. O-O Nf8 11. Rab1 a5 12. a3 Nh5 13. Bxe7 Qxe7 14. Na4 Bg4
15. Nb6 Rad8 16. Qc3 Rd6 17. Qxa5 Rh6 18. g3 Bf3 19. Nf4 Nxf4 20. exf4 Qe6 21.
f5 Rxh2 0-1

[Event "Madrid-chT 2223"]
[Site "Madrid"]
[Date "2023.02.26"]
[Round "11.1"]
[White "Reyes Larena, Juan"]
[Black "Plazuelo Pascual, Juan"]
[Result "1/2-1/2"]
[WhiteElo "2434"]
[BlackElo "2453"]
[PlyCount "73"]
[EventDate "2022.11.20"]
[EventType "team-tourn"]
[EventRounds "14"]
[EventCountry "ESP"]
[SourceTitle "Ajedrez en Madrid"]
[Source "lmi"]
[SourceDate "2022.11.21"]
[SourceVersion "1"]
[SourceVersionDate "2023.03.23"]
[SourceQuality "1"]
[WhiteTeam "San Sebastian de los Reyes"]
[BlackTeam "Alcorcon Diagonal"]
[WhiteTeamCountry "ESP"]
[BlackTeamCountry "ESP"]

1. e4 c5 2. Nf3 Nc6 3. Bb5 e6 4. Bxc6 bxc6 5. b3 Ne7 6. Bb2 d6 7. e5 Nf5 8. O-O
f6 9. exf6 gxf6 10. d4 cxd4 11. Nxd4 Nxd4 12. Qh5+ Ke7 13. Bxd4 e5 14. Qe2 Rg8
15. f4 Qa5 16. fxe5 fxe5 17. c4 Be6 18. Be3 Kd7 19. Nd2 Be7 20. Ne4 Rg6 21. Qd3
Kc7 22. Bd2 Qb6+ 23. c5 dxc5 24. Qc3 Bd5 25. Qxe5+ Bd6 26. Rf7+ Bxf7 27. Nxd6
Rxd6 28. Bf4 Kb7 29. Qxd6 Bd5 30. Qe7+ Ka6 31. Be3 Qb4 32. Rf1 Qg4 33. g3 Qe2
34. Rf2 Qe1+ 35. Rf1 Qe2 36. Rf2 Qd1+ 37. Rf1 1/2-1/2

[Event "Madrid-chT 2223"]
[Site "Madrid"]
[Date "2023.02.26"]
[Round "11.2"]
[White "Neagu, Roberto Florin"]
[Black "Rottenwohrer Suarez, Juan"]
[Result "1/2-1/2"]
[WhiteElo "2321"]
[BlackElo "2317"]
[PlyCount "49"]
[EventDate "2022.11.20"]
[EventType "team-tourn"]
[EventRounds "14"]
[EventCountry "ESP"]
[SourceTitle "Ajedrez en Madrid"]
[Source "lmi"]
[SourceDate "2022.11.21"]
[SourceVersion "1"]
[SourceVersionDate "2023.03.23"]
[SourceQuality "1"]
[WhiteTeam "Alcorcon Diagonal"]
[BlackTeam "San Sebastian de los Reyes"]
[WhiteTeamCountry "ESP"]
[BlackTeamCountry "ESP"]

1. c4 Nf6 2. Nc3 e5 3. Nf3 Nc6 4. e3 h6 5. d4 exd4 6. exd4 Bb4 7. Bd3 O-O 8.
O-O d5 9. a3 dxc4 10. Bxc4 Bd6 11. h3 Bf5 12. Nb5 a6 13. Nxd6 Qxd6 14. b4 Nd5
15. Re1 b5 16. Bf1 a5 17. bxa5 Rxa5 18. Ne5 Rb8 19. Bd2 Raa8 20. Nxc6 Qxc6 21.
Qf3 Bg6 22. Re5 Rd8 23. Rc1 Qd6 24. Rc5 Nf6 25. Bxb5 1/2-1/2

[Event "Madrid-chT 2223"]
[Site "Madrid"]
[Date "2023.02.26"]
[Round "11.3"]
[White "Alfaya Marcelo, Roberto"]
[Black "Cubas Cabrera, Angel Luis"]
[Result "1-0"]
[WhiteElo "2230"]
[BlackElo "2199"]
[PlyCount "73"]
[EventDate "2022.11.20"]
[EventType "team-tourn"]
[EventRounds "14"]
[EventCountry "ESP"]
[SourceTitle "Ajedrez en Madrid"]
[Source "lmi"]
[SourceDate "2022.11.21"]
[SourceVersion "1"]
[SourceVersionDate "2023.03.23"]
[SourceQuality "1"]
[WhiteTeam "San Sebastian de los Reyes"]
[BlackTeam "Alcorcon Diagonal"]
[WhiteTeamCountry "ESP"]
[BlackTeamCountry "ESP"]

1. d4 Nf6 2. c4 e6 3. Nf3 b6 4. e3 Bb7 5. Bd3 d5 6. b3 Nbd7 7. O-O Be7 8. Bb2
O-O 9. Nc3 c5 10. Rc1 Ne4 11. cxd5 exd5 12. Qe2 cxd4 13. Nxd4 Ndc5 14. Bb1 Bf6
15. Rfd1 Qe7 16. Qg4 Rfd8 17. Ncb5 Qd7 18. Qxd7 Rxd7 19. f3 Nd6 20. Nxd6 Rxd6
21. Nf5 Bxb2 22. Nxd6 Bxc1 23. Rxc1 Rb8 24. b4 Ne6 25. Bf5 a5 26. Bxe6 fxe6 27.
b5 Ba8 28. Kf2 Kf8 29. Rc7 Rd8 30. Nc8 d4 31. e4 d3 32. Ke1 Rd4 33. Nxb6 Bxe4
34. fxe4 Rxe4+ 35. Kd2 Re2+ 36. Kxd3 Rxa2 37. Nc4 1-0

[Event "Madrid-chT 2223"]
[Site "Madrid"]
[Date "2023.02.26"]
[Round "11.4"]
[White "Horcajuelo Rocamora, Martin"]
[Black "Quevedo Marin, Manuel"]
[Result "1/2-1/2"]
[WhiteElo "2075"]
[BlackElo "2168"]
[PlyCount "97"]
[EventDate "2022.11.20"]
[EventType "team-tourn"]
[EventRounds "14"]
[EventCountry "ESP"]
[SourceTitle "Ajedrez en Madrid"]
[Source "lmi"]
[SourceDate "2022.11.21"]
[SourceVersion "1"]
[SourceVersionDate "2023.03.23"]
[SourceQuality "1"]
[WhiteTeam "Alcorcon Diagonal"]
[BlackTeam "San Sebastian de los Reyes"]
[WhiteTeamCountry "ESP"]
[BlackTeamCountry "ESP"]

1. d4 Nf6 2. c4 g6 3. Nc3 d5 4. cxd5 Nxd5 5. Bd2 Bg7 6. e4 Nxc3 7. Bxc3 O-O 8.
Qd2 c5 9. d5 e6 10. Bc4 Bxc3 11. bxc3 b5 12. Bxb5 exd5 13. exd5 Nd7 14. Ne2 Nb6
15. Bc6 Rb8 16. O-O Bb7 17. Bxb7 Rxb7 18. Rad1 Rd7 19. Nf4 Qf6 20. g3 g5 21.
Ng2 Rxd5 22. Qc1 Rfd8 23. Ne3 Rxd1 24. Rxd1 h6 25. Rd2 Re8 26. Qc2 c4 27. Rd4
Qf3 28. Qd2 Kg7 29. Rd6 Qe4 30. Rd4 Qf3 31. h4 Re5 32. hxg5 hxg5 33. a4 Nxa4
34. Rxc4 Nb6 35. Rc7 Qe4 36. Qd4 Qxd4 37. cxd4 Ra5 38. Kg2 Nd5 39. Nxd5 Rxd5
40. Rc4 g4 41. Kf1 f5 42. Ke2 Kf6 43. Kd3 Ra5 44. Rc6+ Ke7 45. Rc2 Kd6 46. Kc4
Ra4+ 47. Kd3 Ra3+ 48. Kc4 Ra4+ 49. Kd3 1/2-1/2

[Event "Madrid-chT 2223"]
[Site "Madrid"]
[Date "2023.02.26"]
[Round "11.5"]
[White "Martinez Fernandez, Raul"]
[Black "Aguilera Lopez, Alejandro"]
[Result "1/2-1/2"]
[WhiteElo "2245"]
[BlackElo "2211"]
[PlyCount "134"]
[EventDate "2022.11.20"]
[EventType "team-tourn"]
[EventRounds "14"]
[EventCountry "ESP"]
[SourceTitle "Ajedrez en Madrid"]
[Source "lmi"]
[SourceDate "2022.11.21"]
[SourceVersion "1"]
[SourceVersionDate "2023.03.23"]
[SourceQuality "1"]
[WhiteTeam "San Sebastian de los Reyes"]
[BlackTeam "Alcorcon Diagonal"]
[WhiteTeamCountry "ESP"]
[BlackTeamCountry "ESP"]

1. e4 c5 2. Nf3 e6 3. d4 cxd4 4. Nxd4 Nf6 5. Nc3 Nc6 6. Ndb5 Bb4 7. a3 Bxc3+ 8.
Nxc3 d5 9. exd5 exd5 10. Bd3 O-O 11. O-O Bg4 12. f3 Bh5 13. Bg5 Qb6+ 14. Kh1
Ne4 15. Nxe4 dxe4 16. Bxe4 Qxb2 17. Qb1 Qb6 18. c4 Bg6 19. Qxb6 axb6 20. Bd5 h6
21. Be3 Ra6 22. Rfc1 Rfa8 23. Rc3 R8a7 24. f4 Nb4 25. Rb3 Nc2 26. Ra2 Nxe3 27.
Rxe3 h5 28. h4 Ra4 29. Rf2 Bf5 30. Re8+ Kh7 31. Bxf7 Rxa3 32. Bxh5 Bd7 33. Rd8
Bc6 34. Kh2 g6 35. Bg4 Ra2 36. Rdd2 Rxd2 37. Rxd2 Ra4 38. Be2 Kg7 39. Rb2 Kf6
40. Kg3 Ra3+ 41. Kf2 Kf5 42. g3 Ke4 43. Rxb6 Ra2 44. Rb3 Kd4 45. Rd3+ Kc5 46.
Re3 Kd4 47. Re7 Rb2 48. h5 gxh5 49. f5 b5 50. Rc7 Be8 51. Rc8 Bf7 52. cxb5 h4
53. g4 h3 54. b6 h2 55. Rh8 Bc4 56. Rxh2 Rxe2+ 57. Kg3 Re3+ 58. Kf4 Rb3 59. Rh6
Bd5 60. g5 Rf3+ 61. Kg4 Ke4 62. Rf6 Rf1 63. Kh5 Rxf5 64. Rxf5 Kxf5 65. g6 Kf6
66. Kh6 Ke7 67. Kh7 Kd7 1/2-1/2

[Event "Madrid-chT 2223"]
[Site "Madrid"]
[Date "2023.02.26"]
[Round "11.6"]
[White "Rey Martinez, Jaime"]
[Black "Hernandez Ramos, David"]
[Result "1-0"]
[WhiteElo "2251"]
[BlackElo "2104"]
[PlyCount "81"]
[EventDate "2022.11.20"]
[EventType "team-tourn"]
[EventRounds "14"]
[EventCountry "ESP"]
[SourceTitle "Ajedrez en Madrid"]
[Source "lmi"]
[SourceDate "2022.11.21"]
[SourceVersion "1"]
[SourceVersionDate "2023.03.23"]
[SourceQuality "1"]
[WhiteTeam "Alcorcon Diagonal"]
[BlackTeam "San Sebastian de los Reyes"]
[WhiteTeamCountry "ESP"]
[BlackTeamCountry "ESP"]

1. e4 c5 2. Nf3 Nc6 3. d4 cxd4 4. Nxd4 Nf6 5. Nc3 e5 6. Ndb5 d6 7. Bg5 a6 8.
Na3 b5 9. Nd5 Be7 10. Bxf6 Bxf6 11. c4 b4 12. Nc2 Rb8 13. b3 Bg5 14. g3 O-O 15.
Bg2 Kh8 16. O-O g6 17. f4 exf4 18. gxf4 Bh6 19. f5 Ne5 20. f6 Be6 21. Qe1 Bxd5
22. Qh4 Qb6+ 23. Kh1 Be6 24. Qxh6 Rg8 25. Qd2 g5 26. Nd4 Rbe8 27. Nf3 g4 28.
Nd4 Rg6 29. Rad1 Qd8 30. Nxe6 Rxe6 31. c5 h5 32. Rf5 Kg8 33. cxd6 h4 34. h3
gxh3 35. Bxh3 Nd7 36. Rg1 Nxf6 37. Rfg5 Rxd6 38. Rxg6+ fxg6 39. Qh6 Nh7 40. e5
Qa8+ 41. Bg2 1-0

[Event "Madrid-chT 2223"]
[Site "Madrid"]
[Date "2023.02.26"]
[Round "11.1"]
[White "Candela Perez, Jose"]
[Black "Garcia Luengo, Leandro"]
[Result "0-1"]
[WhiteElo "2307"]
[BlackElo "2278"]
[PlyCount "104"]
[EventDate "2022.11.20"]
[EventType "team-tourn"]
[EventRounds "14"]
[EventCountry "ESP"]
[SourceTitle "Ajedrez en Madrid"]
[Source "lmi"]
[SourceDate "2022.11.21"]
[SourceVersion "1"]
[SourceVersionDate "2023.03.23"]
[SourceQuality "1"]
[WhiteTeam "Alcala de Henares"]
[BlackTeam "San Fernando de Henares"]
[WhiteTeamCountry "ESP"]
[BlackTeamCountry "ESP"]

1. e4 c5 2. Nf3 g6 3. c3 Bg7 4. d4 cxd4 5. cxd4 d5 6. e5 Nc6 7. Bb5 Bg4 8.
Bxc6+ bxc6 9. Nbd2 Qb6 10. O-O Nh6 11. h3 Bxf3 12. Nxf3 O-O 13. Bf4 e6 14. Qd2
Nf5 15. Rfc1 Rfc8 16. g4 Ne7 17. Rc5 Rab8 18. b3 Qb4 19. Qb2 h6 20. Rac1 Bf8
21. R1c2 Kh7 22. Qc1 Qb7 23. Bd2 Qd7 24. Ne1 Rb5 25. R5c3 c5 26. Rxc5 Rbxc5 27.
dxc5 Nc6 28. Nf3 d4 29. Qd1 Qd5 30. Bf4 Bxc5 31. Rd2 Qe4 32. Bg3 Rd8 33. Qc2
Qd5 34. Qc4 Qxc4 35. bxc4 Bb4 36. Rd3 Bc3 37. a3 Na5 38. Bh4 g5 39. Bxg5 hxg5
40. Nxg5+ Kg7 41. Ne4 Nxc4 42. Nxc3 dxc3 43. Rxc3 Nxe5 44. Rc5 Rd5 45. Rc7 Ra5
46. Rc3 Ra4 47. Kg2 Nc4 48. f4 Nxa3 49. Kg3 Nc4 50. Kh4 Nd6 51. Rd3 Ne4 52. Rb3
a5 0-1

[Event "Madrid-chT 2223"]
[Site "Madrid"]
[Date "2023.02.26"]
[Round "11.2"]
[White "Fernandez Blazquez, Diego"]
[Black "Fernandez Lledo, Javier"]
[Result "1-0"]
[WhiteElo "2226"]
[BlackElo "2260"]
[PlyCount "33"]
[EventDate "2022.11.20"]
[EventType "team-tourn"]
[EventRounds "14"]
[EventCountry "ESP"]
[SourceTitle "Ajedrez en Madrid"]
[Source "lmi"]
[SourceDate "2022.11.21"]
[SourceVersion "1"]
[SourceVersionDate "2023.03.23"]
[SourceQuality "1"]
[WhiteTeam "San Fernando de Henares"]
[BlackTeam "Alcala de Henares"]
[WhiteTeamCountry "ESP"]
[BlackTeamCountry "ESP"]

1. e4 c5 2. Nf3 e6 3. d4 cxd4 4. Nxd4 Nc6 5. Nc3 Qc7 6. Be3 Nf6 7. Qf3 a6 8.
Nxc6 Qxc6 9. e5 Qxf3 10. gxf3 Nd5 11. Nxd5 exd5 12. O-O-O d6 13. f4 Bg4 14. Rd2
Bf3 15. Rg1 Rc8 16. Bh3 Rc6 17. Rg3 1-0

[Event "Madrid-chT 2223"]
[Site "Madrid"]
[Date "2023.02.26"]
[Round "11.3"]
[White "Medina Diaz, Rafael Alejandro"]
[Black "Perez Gonzalez, Jose Manuel"]
[Result "1-0"]
[WhiteElo "2248"]
[BlackElo "2212"]
[PlyCount "111"]
[EventDate "2022.11.20"]
[EventType "team-tourn"]
[EventRounds "14"]
[EventCountry "ESP"]
[SourceTitle "Ajedrez en Madrid"]
[Source "lmi"]
[SourceDate "2022.11.21"]
[SourceVersion "1"]
[SourceVersionDate "2023.03.23"]
[SourceQuality "1"]
[WhiteTeam "Alcala de Henares"]
[BlackTeam "San Fernando de Henares"]
[WhiteTeamCountry "ESP"]
[BlackTeamCountry "ESP"]

1. e4 c5 2. c3 d6 3. d4 Nf6 4. Bd3 g6 5. h3 Bg7 6. Nf3 O-O 7. O-O Qc7 8. Re1
Rd8 9. Bf4 Nfd7 10. Nbd2 e5 11. Bg5 f6 12. Be3 exd4 13. cxd4 Nc6 14. Rc1 b6 15.
b4 Qb8 16. bxc5 dxc5 17. dxc5 Nxc5 18. Bc4+ Kh8 19. Bxc5 bxc5 20. Bd5 Bd7 21.
Nb3 Qb6 22. Nxc5 Rac8 23. Nxd7 Rxd7 24. Qa4 Rdc7 25. Rb1 Qc5 26. Rec1 Qd6 27.
Bxc6 Bh6 28. Qd4 Qe7 29. e5 Rxc6 30. Rxc6 Rxc6 31. Rb8+ Bf8 32. exf6 Rxf6 33.
Ne5 Kg7 34. Rxf8 Rxf8 35. Nd7+ Kg8 36. Nxf8 Qxf8 37. Qxa7 Qf6 38. g3 h5 39. h4
g5 40. Qb8+ Kg7 41. Qc7+ Kg6 42. Qc2+ Kg7 43. hxg5 Qxg5 44. Qc7+ Kg6 45. Qd6+
Kg7 46. Qf4 Qa5 47. a4 Kg6 48. Qe4+ Kg5 49. Kg2 Kf6 50. Qc6+ Kg7 51. Qb5 Qa8+
52. Kg1 Qf3 53. a5 Kg6 54. a6 h4 55. Qe8+ Kg7 56. Qe7+ 1-0

[Event "Madrid-chT 2223"]
[Site "Madrid"]
[Date "2023.02.26"]
[Round "11.4"]
[White "Garrido Olivares, Ricard"]
[Black "Moreno Ibañez, Miguel"]
[Result "1-0"]
[WhiteElo "2186"]
[BlackElo "2242"]
[PlyCount "77"]
[EventDate "2022.11.20"]
[EventType "team-tourn"]
[EventRounds "14"]
[EventCountry "ESP"]
[SourceTitle "Ajedrez en Madrid"]
[Source "lmi"]
[SourceDate "2022.11.21"]
[SourceVersion "1"]
[SourceVersionDate "2023.03.23"]
[SourceQuality "1"]
[WhiteTeam "San Fernando de Henares"]
[BlackTeam "Alcala de Henares"]
[WhiteTeamCountry "ESP"]
[BlackTeamCountry "ESP"]

1. Nf3 g6 2. d4 Bg7 3. c4 d6 4. Nc3 Nf6 5. e3 O-O 6. Be2 Nbd7 7. O-O e5 8. b4
Re8 9. Bb2 e4 10. Nd2 Nf8 11. a4 h5 12. Qc2 Bf5 13. Rfc1 N8h7 14. a5 a6 15. Qd1
Qd7 16. b5 Bg4 17. h3 Bxe2 18. Qxe2 g5 19. Ba3 h4 20. Bb4 Qf5 21. Nf1 Kh8 22.
Nh2 Rg8 23. f3 Rae8 24. Rf1 exf3 25. Rxf3 Qg6 26. Rc1 Ne4 27. Nxe4 Rxe4 28. Qd3
f5 29. Rcf1 Rf8 30. bxa6 bxa6 31. Bc3 g4 32. hxg4 fxg4 33. Rf4 Rfxf4 34. Rxf4
Nf6 35. Nxg4 Rxf4 36. Qxg6 Rxg4 37. Qf5 h3 38. d5 Rxg2+ 39. Kf1 1-0

[Event "Madrid-chT 2223"]
[Site "Madrid"]
[Date "2023.02.26"]
[Round "11.5"]
[White "Palenciano Escolar, Adrian"]
[Black "Jimenez Lopez, Antonio"]
[Result "1/2-1/2"]
[WhiteElo "2127"]
[BlackElo "2219"]
[PlyCount "60"]
[EventDate "2022.11.20"]
[EventType "team-tourn"]
[EventRounds "14"]
[EventCountry "ESP"]
[SourceTitle "Ajedrez en Madrid"]
[Source "lmi"]
[SourceDate "2022.11.21"]
[SourceVersion "1"]
[SourceVersionDate "2023.03.23"]
[SourceQuality "1"]
[WhiteTeam "Alcala de Henares"]
[BlackTeam "San Fernando de Henares"]
[WhiteTeamCountry "ESP"]
[BlackTeamCountry "ESP"]

1. d4 Nf6 2. Bg5 Ne4 3. Bf4 d5 4. e3 e6 5. Bd3 Nf6 6. Nf3 c5 7. c3 Nc6 8. Nbd2
cxd4 9. exd4 Be7 10. h3 Nd7 11. Qe2 a6 12. a4 g5 13. Be5 f6 14. Bh2 Nf8 15. c4
Ng6 16. O-O O-O 17. cxd5 exd5 18. Rac1 Bd6 19. Bxd6 Qxd6 20. Bxg6 hxg6 21. Rfe1
Bf5 22. Nf1 Rae8 23. Qxe8 Rxe8 24. Rxe8+ Kf7 25. Re3 Qb4 26. b3 g4 27. hxg4
Bxg4 28. N1d2 g5 29. Rce1 Bf5 30. Nf1 Bc2 1/2-1/2